Irrigation practices and sustainable agriculture

Enregistré dans:
Détails bibliographiques
Auteur principal: KUMAR, Prasnn 'Bharti' Pawan Kumar
Format: Livre
Langue:anglais
Publié: Discovery Publishers 2020
Tags: Ajouter un tag
Pas de tags, Soyez le premier à ajouter un tag!

MARC

LEADER 00000nam a22000007a 4500
008 240304b |||||||| |||| 00| 0 eng d
020 |a 9789388854313 
100 |a KUMAR, Prasnn  |a 'Bharti' Pawan Kumar 
245 |a Irrigation practices and sustainable agriculture  |c /Prasann Kumar, Pawan Kumar 'Bhati'  |g viii,151p 
260 |b Discovery Publishers  |c 2020  |h New Delhi  |i 700703  |i 700704  |i 701152  |l S616.14.K96  |m Irrigation farming- India  |m Sustainable farming-India 
500 |a it includes index 
942 |a lcc  |c BK  |e Johnson  |f 04/02/24 
952 |0 0  |1 0  |2 lcc  |4 0  |6 S061614 K96  |7 0  |9 4933  |a AG  |b HOL  |c QZ  |d 2024-03-04  |l 0  |o S616.14.K96  |p 2024-0184  |r 2024-03-04 00:00:00  |t 700703  |w 2024-03-04  |y BK 
952 |0 0  |1 0  |2 lcc  |4 0  |6 S061614 K96  |7 0  |9 4934  |a HOL  |b HOL  |c QZ  |d 2024-03-04  |l 0  |o S616.14.K96  |p 2024-0185  |r 2024-03-04 00:00:00  |t 700704  |w 2024-03-04  |y BK 
952 |0 0  |1 0  |2 lcc  |4 0  |6 S061614 K96  |7 0  |9 4935  |a HOL  |b HOL  |c QZ  |d 2024-03-04  |l 0  |o S616.14.K96  |p 2024-0186  |r 2024-03-04 00:00:00  |t 700705  |w 2024-03-04  |y BK 
999 |c 2448  |d 2448